000 00451nam a2200181Ia 4500
001 3474
005 20260306145646.0
008 260306t2016||||xx |||||||||||||| ||spa||
041 _aESP
082 _a279.85
_bK59
100 _aKlaiber, Jeffrey
_eAUT
245 0 _aHistoria contemporánea de la Iglesia Católica en el Perú
260 _c2016
300 _a244 páginas :
_c20 cm.
650 _aGEN
654 _aCHU
942 _cLIB
_dJUS
_fJUS
_2ddc
_n
999 _c3474
_d3474